The French revolution : (Record no. 17813)

MARC details
000 -LEADER
fixed length control field 00753nam a2200241Ia 4500
008 - FIXED-LENGTH DATA ELEMENTS--GENERAL INFORMATION
fixed length control field 210303s9999 xx 000 0 und d
016 ## - NATIONAL BIBLIOGRAPHIC AGENCY CONTROL NUMBER
Source retro2022
020 ## - INTERNATIONAL STANDARD BOOK NUMBER
ISBN 04150546064
040 ## - CATALOGING SOURCE
Original cataloging agency NLN
Language of cataloging English
100 ## - MAIN ENTRY--AUTHOR
Author LEWIS, Gwynne
Relator term aut
245 #4 - TITLE STATEMENT
Title The French revolution :
Remainder of title rethinking the debate /
Statement of responsibility, etc Gwynne Lewis
260 ## - PUBLICATION, DISTRIBUTION, ETC. (IMPRINT)
Place of publication London :
Name of publisher Routledge & Kegan Paul,
Date of publication 1993
300 ## - COLLATION
Pagination ix, 131p.
Other physical details ; 22cm.
440 ## - SERIES STATEMENT/ADDED ENTRY--TITLE
Series Title (Historical connection series)
500 ## - GENERAL NOTE
General note Bibliography : P. (141)-126
563 ## - BINDING INFORMATION
Binding note (cased)
650 ## - TRACINGS
Main Subject France
Subdivision (1st) History
Subdivision (2nd) Revolution 1788-1799
-- Historiography
650 ## - TRACINGS
Main Subject France
Subdivision (1st) History
Subdivision (2nd) Revolution, 1789-1799
942 ## - ADDED ENTRY ELEMENTS (KOHA)
Item type Books
942 ## - ADDED ENTRY ELEMENTS (KOHA)
Suppress in OPAC No
050 ## - LIBRARY OF CONGRESS CALL NUMBER
Classification number DL148
Item number .L673
082 ## - DEWEY DECIMAL CLASSIFICATION NUMBER
Classification number 948.9
Holdings
Withdrawn status Lost status Source of classification or shelving scheme Damaged status Not for loan Home library Current library Date acquired Total Checkouts Full call number Barcode. Date last seen Price effective from Koha item type
    Library of Congress Classification     LAGOS BRANCH National Library of Nigeria 03/03/2021   DL148 .L673 2024-555555550996838 03/03/2021 03/03/2021 Books

National Library of Nigeria OPAC is powered by Koha